| 000 | 00408nam a2200169Ia 4500 | ||
|---|---|---|---|
| 100 | _aHaykin/Simon/ Moher/Michael | ||
| 650 | _aWireless communication | ||
| 942 | _cBK | ||
| 366 | _f25 | ||
| 654 | _awireless communications | ||
| 245 | _aModern wireless communications | ||
| 260 |
_bPearson Education _c2011 |
||
| 082 |
_a621.382 _bHAY |
||
| 300 | _a572 | ||
| 546 |
_aENGLISH _celectronics |
||
| 999 |
_c19230 _d19230 |
||